Les Dieux Grecs Méconnus : Qui Suis-Je ? - Statistiques

Statistiques générales
  • Ce quiz a été pris 192 fois
    69 depuis la dernière actualisation
  • Le résultat moyen est 7 sur 15
Statistiques - réponses
Hint Réponse % Correct
Je suis la déesse primordiale de la nuit, une force obscure et puissante souvent représentée par l’ombre. Mes enfants incluent le Sommeil et la Mort. Qui suis-je Nyx
85%
Je suis le dieu du sommeil et frère jumeau de Thanatos, le dieu de la mort. Mon symbole est le pavot, qui représente le sommeil éternel. Qui suis-je ? Hypnos
84%
Je suis la déesse de la victoire, souvent représentée avec des ailes et une couronne de lauriers. Les Grecs anciens me vénéraient pour obtenir le succès dans les compétitions. Qui suis-je ? Niké
76%
Je suis le dieu des rêves, capable de prendre n’importe quelle forme pour apparaître aux mortels. Les mortels me voient dans leur sommeil. Qui suis-je ? Morphée
67%
Je suis la déesse de la discorde et des querelles. On dit que la guerre de Troie a commencé à cause d’une pomme que j’ai lancée, portant l’inscription "À la plus belle". Qui suis-je ? Éris
58%
Je suis la déesse de la vengeance et de la juste punition. Je m’assure que l’équilibre des choses est respecté et que les excès sont sanctionnés. Qui suis-je ? Némésis
58%
Je suis la déesse des arcs-en-ciel et la messagère des dieux, voyageant entre l’Olympe et la Terre pour porter les messages de Zeus et Héra. Qui suis-je ? Iris
53%
Je suis le dieu des troupeaux et des pâturages, souvent associé aux bergers. Mes festivités impliquent la nature et la fertilité. Qui suis-je ? Pan
53%
Je suis la déesse de la magie, des carrefours et des fantômes. Souvent représentée avec trois visages, je suis connue pour protéger ceux qui pratiquent la sorcellerie. Qui suis-je ? Hécate
51%
Je suis le dieu de la peur, fils d’Arès, et je provoque la terreur sur les champs de bataille. Mon frère est Phobos, le dieu de la panique. Qui suis-je ? Deimos
35%
Je suis la déesse des marées et des flots marins. Je suis une divinité océanique plus ancienne et moins connue que Poséidon. Qui suis-je ? Thétis
15%
Je suis le dieu de la richesse souterraine et des minéraux. Mon domaine est sous la terre, et je veille sur les trésors cachés. Qui suis-je ? Ploutos
13%
Je suis le dieu du silence et du secret, souvent représenté avec un doigt sur les lèvres pour rappeler l’importance de la discrétion. Qui suis-je ? Harpocrate
9%
Je suis la déesse des brises douces et des vents d’été. Mon nom évoque la légèreté et la fraîcheur. Qui suis-je ? Aura
2%
Je suis le dieu du rire et de la joie, mais peu de gens me connaissent. On m’invoque pour égayer les fêtes et célébrations. Qui suis-je ? Gélos
0%
Aucun quiz correspondant
Distribution des résultats
% des personnes avec chaque résultat
Percentile par nombre de réponses
Votre historique - résultats
Vous n’avez pas pris ce quiz depuis la dernière actualisation